Law of the sea and maritime delimitation : (Record no. 27531)

000 -LEADER
fixed length control field 03900cam a2200553 i 4500
001 - CONTROL NUMBER
control field 9781003290452
003 - CONTROL NUMBER IDENTIFIER
control field FlBoTFG
005 - DATE AND TIME OF LATEST TRANSACTION
control field 20240802130608.0
006 - FIXED-LENGTH DATA ELEMENTS--ADDITIONAL MATERIAL CHARACTERISTICS
fixed length control field m o d
007 - PHYSICAL DESCRIPTION FIXED FIELD--GENERAL INFORMATION
fixed length control field cr cnu---unuuu
008 - FIXED-LENGTH DATA ELEMENTS--GENERAL INFORMATION
fixed length control field 220714t20232023enk ob 001 0 eng
020 ## - INTERNATIONAL STANDARD BOOK NUMBER
International Standard Book Number 9781003290452
Qualifying information electronic book
International Standard Book Number 1003290450
Qualifying information electronic book
International Standard Book Number 9781000800777
Qualifying information electronic book
International Standard Book Number 1000800776
Qualifying information electronic book
International Standard Book Number 9781000800760
Qualifying information electronic book
International Standard Book Number 1000800768
Qualifying information electronic book
Canceled/invalid ISBN 9781032269061
Qualifying information hardcover
Canceled/invalid ISBN 9781032269078
Qualifying information paperback
024 7# - OTHER STANDARD IDENTIFIER
Standard number or code 10.4324/9781003290452
Source of number or code doi
035 ## - SYSTEM CONTROL NUMBER
System control number (OCoLC)1346125502
System control number (OCoLC-P)1346125502
040 ## - CATALOGING SOURCE
Original cataloging agency OCoLC-P
Language of cataloging eng
Description conventions rda
Transcribing agency OCoLC-P
050 04 - LIBRARY OF CONGRESS CALL NUMBER
Classification number KZA1450
Item number .H67 2023
072 #7 - SUBJECT CATEGORY CODE
Subject category code LAW
Subject category code subdivision 000000
Source bisacsh
Subject category code LAW
Subject category code subdivision 066000
Source bisacsh
Subject category code LBDM
Source bicssc
082 00 - DEWEY DECIMAL CLASSIFICATION NUMBER
Classification number 341.4/48
Edition number 23/eng/20220924
100 1# - MAIN ENTRY--PERSONAL NAME
Personal name Horna, Angel V.,
Relator term author.
245 10 - TITLE STATEMENT
Title Law of the sea and maritime delimitation :
Remainder of title state practice and case law in Latin America and the Caribbean /
Statement of responsibility, etc. Angel V. Horna.
264 #1 - PRODUCTION, PUBLICATION, DISTRIBUTION, MANUFACTURE, AND COPYRIGHT NOTICE
Place of production, publication, distribution, manufacture Abingdon, Oxon ;
-- New York, NY :
Name of producer, publisher, distributor, manufacturer Routledge,
Date of production, publication, distribution, manufacture, or copyright notice 2023.
Date of production, publication, distribution, manufacture, or copyright notice ©2023
300 ## - PHYSICAL DESCRIPTION
Extent 1 online resource (xix, 195 pages).
336 ## - CONTENT TYPE
Content type term text
Content type code txt
Source rdacontent
337 ## - MEDIA TYPE
Media type term computer
Media type code c
Source rdamedia
338 ## - CARRIER TYPE
Carrier type term online resource
Carrier type code cr
Source rdacarrier
490 1# - SERIES STATEMENT
Series statement Routledge research in the law of the sea
500 ## - GENERAL NOTE
General note Based on author's thesis (doctoral - Graduate Institute of International and Development Studies, Geneva, Switzerland, 2014) issued under title: The contribution of Latin America and the Caribbean to the law of maritime delimitation.
520 ## - SUMMARY, ETC.
Summary, etc. "The law of maritime delimitation has been shaped by the interpretation of certain provisions of the United Nations Convention on the Law of the Sea, which has led to State practice being neglected in current scholarship. This book presents an overview of the under-examined question of the impact of State practice in Latin America and the Caribbean on the development of the law of maritime delimitation. Examining the status of maritime boundaries in Latin America and the Caribbean this book also ponders the impact of State practice and case law on the law of maritime delimitation. It outlines the historical framework of the establishment of maritime jurisdiction during colonial times and assesses the evolution of maritime delimitation and the contribution of Latin America and the Caribbean to the modern law of the sea. It discusses the law of maritime delimitation and, through jurisprudence, the development of the three-stage methodology to describe and explain maritime delimitation agreements in Latin America and the Caribbean according to the method or methods of delimitation employed. It reviews maritime boundaries in Latin America and the Caribbean that were submitted to third party adjudication as well as provisional arrangements, considering the role of State practice in Latin America and the Caribbean on the development of the law of maritime delimitation. With a renewed focus on Maritime Delimitation, and increasing litigation focused on Latin America and the Caribbean, the book will be of interest to students, academics and practitioners whose field of study is International Law, Law of the Sea, and State Practice"--
Assigning source Provided by publisher.
588 ## - SOURCE OF DESCRIPTION NOTE
Source of description note OCLC-licensed vendor bibliographic record.
650 #0 - SUBJECT ADDED ENTRY--TOPICAL TERM
Topical term or geographic name entry element Maritime boundaries
Geographic subdivision Caribbean Area.
Topical term or geographic name entry element Maritime boundaries
Geographic subdivision Latin America.
Topical term or geographic name entry element LAW / General
Source of heading or term bisacsh
Topical term or geographic name entry element LAW / Maritime
Source of heading or term bisacsh
830 #0 - SERIES ADDED ENTRY--UNIFORM TITLE
Uniform title Routledge research in the law of the sea.
856 40 - ELECTRONIC LOCATION AND ACCESS
Materials specified Taylor & Francis
Uniform Resource Identifier <a href="https://www.taylorfrancis.com/books/9781003290452">https://www.taylorfrancis.com/books/9781003290452</a>
Materials specified OCLC metadata license agreement
Uniform Resource Identifier <a href="http://www.oclc.org/content/dam/oclc/forms/terms/vbrl-201703.pdf">http://www.oclc.org/content/dam/oclc/forms/terms/vbrl-201703.pdf</a>
942 ## - ADDED ENTRY ELEMENTS (KOHA)
Source of classification or shelving scheme
Koha item type E-Book

No items available.

Designed and Maintained by IMU-KC Library, Kolkata Campus © Copyright All Rights Reserved

webs counters

Powered by Koha